000 00556cam a2200217 a 4500
001 2861305
005 20180130051405.0
008 851129s1986 enka bf 001 0 eng
010 _a 85030607
020 _a0047010169 (pbk. : alk. paper)
040 _aDLC
_cDLC
_dDLC
041 _aeng
080 _a709 POI
082 0 0 _a709 POI
_219
100 1 _a44
101 _aART
245 1 0 _aHistory of art /
_cMarcia Pointon.
504 _aIncludes bibliographies and index.
906 _a7
_bcbc
_corignew
_d1
_eocip
_f19
_gy-gencatlg
942 _2ddc
_cBK
999 _c41264
_d41264